| 000 | 00944nam a22002177a 4500 | ||
|---|---|---|---|
| 999 |
_c21129 _d21129 |
||
| 003 | AR-CdUCM | ||
| 008 | 191108b ||||| |||| 00| 0 spa d | ||
| 040 |
_aMUNICIPALIDAD PROVINCIAL DEL CUSCO _cBIBLIOTECA MUNICIPAL DEL CUSCO |
||
| 082 |
_a320.937 / _bH66 |
||
| 100 |
_aHofmann, Werner _96077 |
||
| 245 | _aHistoria de las ideas sociales d los siglos XIX y XX / | ||
| 260 |
_aMexico : _bUTEHA, _c1964. |
||
| 300 |
_a271 páginas ; _b15 cm. |
||
| 505 | _aContenido : La contradicción entre la idea de la ilustración y la realidad social como punto de partida -- Las ideas sociales en la época de desarrollo moderno capitalismo industrial -- Historia de las ideas de los distintos países -- Relación entre el pre socialismo y socialismo clásico .. | ||
| 650 |
_aCapitalismo _93221 |
||
| 650 |
_aSocialismo _944085 |
||
| 650 |
_aGlobalización _944086 |
||
| 650 |
_aTéorias económicas _97883 |
||
| 942 |
_2ddc _cLIBROS |
||
| 945 | _aZta | ||